| 000 | 00840nam a22001817a 4500 | ||
|---|---|---|---|
| 003 | BD-DhUL | ||
| 005 | 20180123091955.0 | ||
| 008 | 180123s2007 ii a|||| |||| 00| 0 ben d | ||
| 040 |
_aBD-DhUL _cBD-DhUL |
||
| 082 |
_a891.441 _bAMA |
||
| 245 | 1 | 0 |
_aআমাদের কবি শামসুর রাহমান / _cসম্পাদনা, নীতীশ বিশ্বাস ; ভূমিকা নীরেন্দ্রনাথ চক্রবর্তী |
| 260 |
_aকলকাতা : _bঐকতান, _c২০০৭। |
||
| 300 |
_a[১০], ১০১, [৬] পৃ. : _bচিত্র ; _c২২ সেমি. |
||
| 600 | 1 |
_aরাহমান, শামসুর _x জীবনী |
|
| 600 | 1 |
_aRahman, Samsur _xBiography |
|
| 700 | 1 |
_aবিশ্বাস, নীতীশ _eসম্পা. |
|
| 942 |
_2ddc _cBK |
||
| 999 |
_c237318 _d237318 |
||